Csököly község monografiája. - Bisse község monografiája
Elmentve itt :
| Szerzők: | |
|---|---|
| Dokumentumtípus: | Cikk |
| Sorozat: | Kolligátum
|
| Kulcsszavak: | Csököly - honismeret, Bisse - honismeret |
| Online Access: | http://misc.bibl.u-szeged.hu/25547 |
| LEADER | 00594nab a2200169 i 4500 | ||
|---|---|---|---|
| 001 | misc25547 | ||
| 005 | 20191111110814.0 | ||
| 008 | 170825suuuu hu o 0|| zxx d | ||
| 040 | |a SZTE Miscellanea Repozitórium |b hun | ||
| 041 | |a zxx | ||
| 100 | 1 | |a Gábos Dénes | |
| 245 | 1 | 0 | |a Csököly község monografiája. - Bisse község monografiája |h [elektronikus dokumentum] / |c Gábos Dénes |
| 300 | |a 1-16 | ||
| 490 | 0 | |a Kolligátum | |
| 695 | |a Csököly - honismeret, Bisse - honismeret | ||
| 700 | 0 | 1 | |a Nagy Ferenc |e aut |
| 856 | 4 | 0 | |u http://misc.bibl.u-szeged.hu/25547/1/017_016_001-016.pdf |z Dokumentum-elérés |